00321nam a2200145Ia 45000030006000000080041000060400015000471000012000622450029000742500006001032600029001093000006001385460014001440050017001580STCL150530s9999 xx 000 0 und d aSTCLcSTCL aKovilan aEnte priyapetta kathakal a3 bDC Books; Kottayamc2008 a0 aMalayalam20220125171642.0